000 00292nam a22001337a 4500
008 170825b xxu||||| |||| 00| 0 eng d
020 _a9780767423168
041 _aeng
080 _a070
100 _a40
101 _aMED
245 _aSCENARIOS FOR WRITING
_cGLAU.G.R
942 _2udc
_cBK
999 _c24986
_d24986